Письма Н.П. Шереметева разным лицам

Доступно только в Электронных читальных залах Найти на картеНа карте
RUSMARC
00004127nmc2a22002773x 450
001ab528ba9-1be9-4910-b687-e33d9a5e8ad0
00520230906211438.0
100##$a20230117l17991799k l0rusy0189 ca
1010#$arus
102##$aRU
105##$ay###
1222#$ad
2001#$aПисьма Н.П. Шереметева разным лицам
$j3 января - 30 декабря 1799 г.
215##$a63 л.
$d34х22 см
251##$cДело
300##$aГраф Николай Петрович Шереметев. Переписка. Книги копий и журналы "партикулярной переписки", и черновики писем Н.П. Шереметева разным лицам
300##$aКнига копий
300##$aОриг. заголовок дела: Журнал исходящих партикулярных писем 1799 года. 3 января 1799 г. - 30 декабря 1799 г
371##$aДокумент не является опубликованным и широко распространяемым
461#0$100198b93a77-94f0-46bb-a7e0-b5027cc72a67
$12001
$aШереметевы, графы
$1251
$cФонд
$1852
$j1088
462#0$1001d3ce280e-361b-49f4-86d2-e1a120f828b4
$12001
$aЛичные документы, переписка и документы, связанные со служебной и общественной деятельностью графов Бориса Петровича, Петра Борисовича, Николая Петровича и Дмитрия Шереметевых
$1251
$cОпись
$1852
$j1
5171#$aЖурнал исходящих партикулярных писем 1799 года. 3 января 1799 г. - 30 декабря 1799 г
801#0$aRU
$bРГИА
$c20230117
$gRCR
801#1$aRU
$bГлавНИВЦ
$c20230117
$2rusmarc
801#2$aRU
$bПБ им. Б.Н. Ельцина
$c20230906
$gRCR
$2rusmarc
850##$aРГИА
852##$aРГИА
$eФедеральное казенное учреждение "Российский государственный исторический архив" (РГИА)
$j95
937##$hРГИА
$d12391181
$aASBIBLIO_SCAN
035##$aRusGRCC00060003
856##$uhttp://readingroom.main.prlib.ru/item.aspx?id_node=n187413231&mode=full
Формат отображения